Problemas actuales de régimen local / Eduardo García de Enterría
ISBN:
84-7405-342-0
Descripción Física:
130 p. ; 21 cm
Colección:
Ediciones del Instituto García Oviedo ; 4
Materias:
Administració local -- Espanya
MARC
| LEADER | 00000nam a2200000Ia 4500 | ||
|---|---|---|---|
| 001 | 17350 | ||
| 008 | 160829s1986 xx 000 0 cat d | ||
| 020 | |a 84-7405-342-0 | ||
| 080 | |a D-3-75 | ||
| 100 | 1 | |a García de Enterría, Eduardo, |d 1923-2013 |9 24607 | |
| 245 | |a Problemas actuales de régimen local / Eduardo García de Enterría | ||
| 250 | |a 2a ed. | ||
| 260 | |a [Sevilla] : |b Ediciones del Instituto García Oviedo. Universidad de Sevilla, |c 1986 | ||
| 300 | |a 130 p. ; |c 21 cm | ||
| 490 | |a Ediciones del Instituto García Oviedo ; 4 | ||
| 650 | 0 | |a Administració local |z Espanya |9 37433 | |
| 901 | |a Arxiu | ||
| 942 | |n 1 | ||
| 952 | |0 1 |1 0 |2 udc |4 0 |5 2 |6 D375 |7 1 |9 43227 |a Arxiu |b Arxiu |d 2016-12-01 |l 0 |o D-3-75 |p 17350 |r 2016-12-01 00:00:00 |w 2016-12-01 |y ARXIU | ||
| 999 | |c 45771 |d 45771 | ||